| 000 | 01301njm a2200337 c 4500 | ||
|---|---|---|---|
| 003 | BLK | ||
| 005 | 20241207152438.0 | ||
| 008 | 180410b bul||n||s|||||||| n|bulo| | ||
| 010 | _aCDD00003823000 | ||
| 040 | _aBLK | ||
| 041 |
_aBUL _cBUL |
||
| 080 |
_aПриложни програми _b681.322.06 _x(035) _z681.322.06(035) |
||
| 100 | 1 |
_aСимпсън, Алън _eпърви автор _9266689 |
|
| 139 |
_aСимпсън, Алън _bС 37 |
||
| 245 | 1 | 0 |
_a[Уиндоус] Windows 98 [CD-ROM] _bБиблия _cАлън Симпсън. |
| 257 | _aUSA | ||
| 260 |
_аСофия _bАлекс Софт _c1998 |
||
| 300 |
_a375 MB _c12 см |
||
| 380 | _a62 | ||
| 500 | _aДигитално изд. - Към кн. със сигн. Цб 198678. - Системни изисквания: Windows 98. - CD съдържа над 160 мощни shareware програми. | ||
| 590 | _aS.N: 96517 от КНИГИ | ||
| 650 | 0 |
_aОперационни системи - наръчници и ръководства _9253877 |
|
| 653 | _aоперационни системи | ||
| 653 | _aWindows 98 | ||
| 852 |
_aЦб CD 3280 _p0 |
||
| 856 | 4 |
_qpdf _u |
|
| 856 | 4 |
_qpdf _u |
|
| 942 |
_cCDD _n0 |
||
| 944 |
_aCR _c12.07.2010 _k30560 _lГеновева Генчева |
||
| 944 |
_aED _c12.07.2010 _k |
||
| 999 |
_c221324 _d221324 |
||